1341 1704 1158 1205 1083 1990 1908 1462 1714 1038 1991 1540 1894 1414 1574 1449 1912 1451 1465 1843 1004 1243 1358 1949 1205 1543 1794 1292 1966 1586 1234 1453 1188 1215 1560 1201 1890 1475 1150 1321 1411 1551 1946 1892 1551 1449 1514 1931 1806 1355 1204 1930 1002 1343 1829 1509 1528 1445 1905 1384 1815 1240 1736 1030 1317 1909 1944 1616 1243 1098 1623 1312 1667 1624 1093 1026 1843 1237 1437 1121 1654 1275 1868 1543 1852 1183 1248 1626 1252 1487 1258 1253 1780 1680 1758 1971 1830 1009 1137 BCNSPRNW ULIB Ver.6.0+V

เปลี่ยนเป็นภาษาไทย

Change to English
 แสดงรายละเอียดบรรณานุกรม
  กลับหน้าหลัก

Brief Record : Get Marc (ISO 2709) : E-mail record : QR code < ปิดหน้าต่าง
LEADER : 00000nam 2200000uu 4500
001    13399115058
003     ULIB
008    120706s2549||||th 000 0 tha d
060  4 ^aWL100^bก393ป
245 00 ^aประสาทศาสตร์พื้นฐาน =^bBasic neurosciences /^cเรียบเรียงโดย กัมมันต์ พันธุมจินดา ... [และคนอื่นๆ]
246 31 ^aBasic neurosciences
250    ^aพิมพ์ครั้งที่ 6
260    ^aกรุงเทพฯ :^bสินประสิทธิ์การพิมพ์,^c2549
300    ^aiii, 282 หน้า :^bภาพประกอบ ;^c26 ซม
650  7 ^aประสาทวิทยา
700 0  ^aกัมมันต์ พันธุจินดา
945    ^p0^l0^i14486
945    ^p0^l0^i15861
945    ^p0^l0^i14934
945    ^p0^l0^i14487
945    ^p0^l0^i14935
995    ^aกัณชพร
999    ^aใช้งานได้ทุกระบบ
รายการนี้ยังไม่มีแท็ก
คุณยังไม่ได้ล็อกอิน คุณสามารถมีกิจกรรมร่วมกับเว็บไซต์ได้ แต่ต้องล็อกอินก่อน ::
  ล็อกอิน

รายการสื่อสารสนเทศ

ลำดับที่ ประเภท เลขเรียก/บาร์โค้ด สถานที่ สถานะ
1. วิทยาศาสตร์การแพทย์ และสุขภาพ
วิทยาศาสตร์การแพทย์ และสุขภาพ
WL100 ก393ป  
  Barcode: 14486
ห้องสมุดวิทยาเขตสวรรค์ประชารักษ์
►ส่วนจัดเก็บหนังสือเก่า สปร
บนชั้น
  ขอยืม
2. วิทยาศาสตร์การแพทย์ และสุขภาพ
วิทยาศาสตร์การแพทย์ และสุขภาพ
WL100 ก393ป ฉ.2 
  Barcode: 14487
ห้องสมุดวิทยาเขตสวรรค์ประชารักษ์
►หนังสือทั่วไป
บนชั้น
3. วิทยาศาสตร์การแพทย์ และสุขภาพ
วิทยาศาสตร์การแพทย์ และสุขภาพ
WL100 ก393ป ฉ.4 
  Barcode: 14935
ห้องสมุดวิทยาเขตสวรรค์ประชารักษ์
►หนังสือทั่วไป
บนชั้น

รายการใกล้เคียง
    หัวเรื่อง [ประสาทวิทยา]

BibComment


ยังไม่เคยถูกคอมเมนท์

คอมเมนท์ทรัพยากรรายการนี้
  คอมเมนท์: ประสาทศาสตร์พื้น..


 Copyright 2026. Bcnsprnw @Library